Projekt e-Kasa na ceste k podnikateľom

Od apríla 2019 budú musieť všetky hotely, reštaurácie, kaviarne a čerpacie stanice na Slovensku používať registračné pokladnice s online napojením na portál finančnej správy.

Gespeichert in:
Bibliographische Detailangaben
Format: Buchkapitel
Sprache:Slowakisch
Schlagworte:
Tags: Tag hinzufügen
Keine Tags, Fügen Sie das erste Tag hinzu!

MARC

LEADER 00000naa$a2200000$$$4500
001 0247968
005 20181001091326.5
041 0 |a slo 
044 |a SK 
245 1 0 |a Projekt e-Kasa na ceste k podnikateľom 
520 |a Od apríla 2019 budú musieť všetky hotely, reštaurácie, kaviarne a čerpacie stanice na Slovensku používať registračné pokladnice s online napojením na portál finančnej správy. 
610 2 0 |a správa finančná 
610 2 0 |a Slovensko 
610 2 0 |a zákony 
610 2 0 |a dane z hodnoty pridanej 
610 2 0 |a pokladnice registračné